[Event "Slavik 2003"]
[Site "?"]
[Date "2003.06.22"]
[Round "9.2"]
[White "Danik, Libor"]
[Black "Baeak, Martin"]
[Result "1/2-1/2"]
[WhiteElo "1949"]
[BlackElo "1995"]
[PlyCount "36"]
[EventDate "2003.06.18"]

{1MB, Fritz4.ctg
} 1. e4 e5 2. Nf3 Nc6 3. Bc4 Nf6 4. d3 Be7 5. Nc3 d6 6. h3
O-O 7. O-O Be6 8. Bb3 Qd7 9. Re1 a6 10. Ng5 Nd4 11. Nxe6 Nxe6 12. Ne2 Nc5 13.
Ng3 Rfe8 14. Nf5 Nxb3 15. axb3 Bf8 16. Re3 d5 17. Rg3 Kh8 18. Bg5 dxe4 1/2-1/2

[Event "Slavik 2003"]
[Site "?"]
[Date "2003.06.22"]
[Round "9.3"]
[White "Martisek"]
[Black "Zavodsky"]
[Result "0-1"]
[WhiteElo "1759"]
[BlackElo "1773"]
[PlyCount "48"]
[EventDate "2003.06.18"]

{1MB, Fritz4.ctg
} 1. e4 e5 2. Nf3 Nc6 3. Bb5 a6 4. Ba4 Nf6 5. O-O b5 6. Bb3
Nxe4 7. Re1 d5 8. d3 Nf6 9. Nxe5 Nxe5 10. Rxe5+ Be6 11. Bg5 Bd6 12. Re1 O-O 13.
Nd2 c6 14. Nf3 Bg4 15. a4 b4 16. Qd2 Bxf3 17. gxf3 Qd7 18. Bxf6 gxf6 19. Kh1
Qh3 20. Rg1+ Kh8 21. f4 Qf3+ 22. Rg2 Rg8 23. Rag1 Rxg2 24. Rxg2 Rg8 0-1

[Event "Slavik 2003"]
[Site "?"]
[Date "2003.06.22"]
[Round "9.4"]
[White "Vymital"]
[Black "Dopita"]
[Result "1-0"]
[WhiteElo "1863"]
[BlackElo "1401"]
[PlyCount "78"]
[EventDate "2003.06.18"]

{1MB, Fritz4.ctg
} 1. e4 e5 2. Nf3 Nc6 3. d4 exd4 4. Nxd4 Nf6 5. Nxc6 bxc6 6.
e5 Nd5 7. c4 Bb4+ 8. Bd2 Bxd2+ 9. Qxd2 Nb6 10. Bd3 d6 11. exd6 cxd6 12. O-O O-O
13. Nc3 Be6 14. b3 Re8 15. Rad1 Qc7 16. Bc2 d5 17. cxd5 Bxd5 18. Nxd5 (18.
Bxh7+ Kxh7 19. Qc2+ Kg8 20. Nxd5) 18... Nxd5 19. Bb1 (19. Bxh7+ Kh8) 19... Rad8
20. Qc2 g6 21. Rc1 Rc8 22. Rfd1 Nf4 23. Rd2 Qe5 24. Kf1 Qb5+ 25. Qc4 Qg5 26. g3
Nd5 27. Rdd1 Qf6 28. Kg1 Re6 29. Rxd5 Rce8 30. Rdd1 Re2 31. Qf4 Qxf4 32. gxf4
Rc8 33. Kf1 Re7 34. Rd6 c5 35. Bd3 Kf8 36. Bc4 Re4 37. f5 Rc7 38. f6 Rd4 39.
Rd1 Rc8 1-0

[Event "Slavik 2003"]
[Site "?"]
[Date "2003.06.22"]
[Round "9.5"]
[White "Dvooak, Petr"]
[Black "Brazdil"]
[Result "1/2-1/2"]
[WhiteElo "1604"]
[BlackElo "2167"]
[PlyCount "116"]
[EventDate "2003.06.18"]

{1MB, Fritz4.ctg
} 1. e4 Nf6 2. e5 Nd5 3. c4 Nb6 4. d4 d6 5. f4 dxe5 6. fxe5
g6 7. Be3 Bg7 8. Nc3 O-O 9. Be2 Bf5 10. Nf3 Bg4 11. O-O e6 12. Qd2 Nc6 13. Rad1
Qd7 14. h3 Bxf3 15. Rxf3 Rad8 16. Ne4 Qe8 17. Qe1 Ne7 18. Bg5 Nd7 19. g4 (19.
Qb4 c5 20. Nxc5 Nc6 21. Qa3) 19... Kh8 20. Qh4 Nc6 21. Bxd8 Nxd8 22. g5 Rg8 23.
Rdf1 Nf8 24. Qg4 Qd7 25. Rd1 Nc6 26. Nc5 Qe8 27. Nxb7 Ne7 28. Nc5 Nf5 29. h4
Qc6 30. Ra3 a5 (30... Bxe5 31. b4) 31. Bf3 Qe8 32. Rxa5 Ne3 33. Qe4 Nxd1 34.
Bxd1 Nd7 35. b4 Nb6 36. Bb3 Qe7 37. Nd3 h6 38. Qe3 hxg5 39. hxg5 Re8 40. c5 Nd5
41. Bxd5 exd5 42. b5 Qd7 43. Nf2 Kg8 44. Qh3 Qe7 45. Qg4 Rb8 46. a4 Qd8 47. Ra7
Bf8 48. Nd3 Ra8 49. Rxa8 (49. b6 cxb6 50. cxb6 Rxa7 51. bxa7 Qa8 52. Qd7) 49...
Qxa8 50. e6 Qxa4 51. exf7+ Kg7 52. b6 cxb6 53. cxb6 Qb5 54. Ne5 Qxb6 55. Qh4
Qb1+ 56. Kf2 Qc2+ 57. Ke3 Qc3+ 58. Kf2 Qc2+ 1/2-1/2

[Event "Slavik 2003"]
[Site "?"]
[Date "2003.06.22"]
[Round "9.7"]
[White "Rozsypalek"]
[Black "Petr"]
[Result "1/2-1/2"]
[WhiteElo "1670"]
[BlackElo "1649"]
[PlyCount "80"]
[EventDate "2003.06.18"]

{1MB, Fritz4.ctg
} 1. e4 e5 2. Nf3 Nc6 3. b3 Nf6 4. d3 Bc5 5. h3 d6 6. Bg5 h6
7. Bh4 Be6 8. Bxf6 Qxf6 9. c3 a5 10. Nbd2 O-O 11. g4 d5 12. Bg2 Rad8 13. Qe2
Rfe8 14. O-O d4 15. c4 Qf4 16. Rfd1 Rd6 17. Nh2 Bd7 18. Qf3 Rf6 19. Qxf4 Rxf4
20. f3 Re6 21. Kf2 Rg6 (21... Nb4 22. Ndf1 Nc2 23. Rac1 Ne3) 22. Kg3 h5 (22...
Nb4) 23. a3 hxg4 24. hxg4 f5 25. exf5 Bxf5 26. Ne4 Bxe4 27. dxe4 Rf8 28. Bf1
Rgf6 29. Bd3 g5 30. Rdb1 Kg7 31. Kg2 Rh8 32. Nf1 Rfh6 33. Kf2 Rh3 34. Kg2 R3h6
35. Kg1 Rf8 36. Kg2 Rhf6 37. Ng3 Ra8 (37... Rxf3 38. Nf5+ R8xf5 39. gxf5 Rxd3)
38. Nh5+ Kg6 39. Nxf6 Kxf6 40. Rh1 Rg8 1/2-1/2

[Event "Slavik 2003"]
[Site "?"]
[Date "2003.06.22"]
[Round "9.8"]
[White "Antos"]
[Black "Mureek"]
[Result "0-1"]
[WhiteElo "1513"]
[BlackElo "1597"]
[PlyCount "105"]
[EventDate "2003.06.18"]

{1MB, Fritz4.ctg
} 1. Nf3 Nc6 2. g3 f5 3. Bg2 Nf6 4. d4 e6 5. c4 d6 6. Bg5 Be7
7. Nc3 O-O 8. O-O Qd7 9. a3 Nd8 10. b4 Nf7 11. h4 Nxg5 12. Nxg5 Ng4 13. Nxe6
Rf6 14. Nf4 c6 15. d5 Rh6 16. Rc1 Qe8 17. Qd3 Ne5 18. Qc2 Nxc4 19. Nb1 Ne5 20.
e3 Bd7 21. a4 a5 22. Qb3 Qf7 23. Nd2 c5 24. b5 b6 25. Nc4 Nxc4 26. Qxc4 g5 27.
hxg5 Bxg5 28. Nh3 Bf6 29. f4 Kh8 30. Kf2 Rg8 31. Rh1 Qg7 32. Ng5 Bxg5 33. fxg5
Rxh1 34. Rxh1 Qxg5 35. Qf4 Qxf4+ 36. exf4 Re8 37. Rh6 c4 38. Rxd6 c3 39. Rxd7
Rc8 40. Re7 c2 41. Re1 c1=Q 42. Rxc1 Rxc1 43. Ke3 Kg7 44. Kd2 Ra1 45. d6 Kf6
46. Bd5 Rxa4 47. Bc6 Rd4+ 48. Ke3 Rxd6 49. Kf2 a4 50. g4 fxg4 51. Kg3 a3 52.
Kh4 a2 53. Kxg4 0-1

[Event "Slavik 2003"]
[Site "?"]
[Date "2003.06.22"]
[Round "9.9"]
[White "Danik, Roman"]
[Black "Hlavaeek"]
[Result "0-1"]
[WhiteElo "1000"]
[BlackElo "1250"]
[PlyCount "86"]
[EventDate "2003.06.18"]

{1MB, Fritz4.ctg
} 1. e4 e5 2. Nf3 Nc6 3. Bb5 a6 4. Bxc6 dxc6 5. O-O Bd6 6.
Nc3 Nf6 7. d3 O-O 8. Bg5 h6 9. Bxf6 Qxf6 10. b3 Bg4 11. h3 Bh5 12. a3 Bc5 13.
b4 Bd4 14. Nxd4 Bxd1 15. Nb3 Bxc2 16. Nc1 b5 17. Ra2 Ba4 18. Nxa4 bxa4 19. Rc2
a5 20. Na2 Qd6 21. Rd1 f5 22. bxa5 fxe4 23. Nb4 Rf6 24. Rxc6 Qd4 25. Rxc7 Qxf2+
26. Kh2 Rxa5 27. dxe4 Rg6 28. Rc8+ Kh7 29. Rg1 Rb5 30. Rcc1 Qd2 31. Rcf1 Rxb4
32. axb4 Qxb4 33. Rb1 Qxe4 34. Rbe1 Rxg2+ 35. Rxg2 Qxe1 36. Ra2 e4 37. Rxa4
Qf2+ 38. Kh1 e3 39. Re4 Qf3+ 40. Kg1 Qxe4 41. Kf1 Qf3+ 42. Ke1 Qf2+ 43. Kd1
Qd2# 0-1

[Event "Slavik 2003"]
[Site "?"]
[Date "2003.06.22"]
[Round "9.10"]
[White "Rysavy, jindoich"]
[Black "Palasek"]
[Result "1-0"]
[WhiteElo "1100"]
[BlackElo "1250"]
[PlyCount "37"]
[EventDate "2003.06.18"]

{1MB, Fritz4.ctg
} 1. e4 c5 2. Nf3 Nc6 3. d4 cxd4 4. Nxd4 Nf6 5. Nxc6 bxc6 6.
Nc3 e6 7. Bg5 Bb4 8. e5 c5 9. exf6 gxf6 10. Bh6 d5 11. a3 Ba5 12. Rb1 d4 13. b4
cxb4 14. axb4 Rb8 15. bxa5 Rxb1 16. Qxb1 dxc3 17. Bc4 Qd2+ 18. Bxd2 cxd2+ 19.
Kxd2 1-0

[Event "Slavik 2003"]
[Site "?"]
[Date "2003.06.22"]
[Round "9.11"]
[White "Doležal"]
[Black "Rysavy, Jan"]
[Result "1-0"]
[WhiteElo "1250"]
[BlackElo "1250"]
[PlyCount "43"]
[EventDate "2003.06.18"]

{1MB, Fritz4.ctg
} 1. e4 e5 2. Nf3 Nc6 3. d4 f5 4. d5 Nd4 5. Nxd4 exd4 6. Qxd4
fxe4 7. Qxe4+ Be7 8. Bg5 Nf6 9. Bxf6 gxf6 10. Bc4 d6 11. Bb5+ Bd7 12. Bxd7+
Qxd7 13. Nc3 O-O-O 14. O-O-O f5 15. Qe6 Qxe6 16. dxe6 Rhe8 17. Rhe1 Bg5+ 18.
Kb1 d5 19. Nxd5 c6 20. f4 Bh6 21. e7 Rd6 22. Nb6+ 1-0